00799naa a22001697i 4500003000900000005001700009008004100026035001700067040003700084041000800121044000800129100011000137245015700247260001000404700010800414773010700522KOSZ 00520180509112638.0160308s2010 ja ||||| ||||0|| 0 eng  aPBN-R:252309 cKOSZ 005/mdaPBN-IDdKOSZ 005/HR0 aeng aJAP aCHOJNACKI, Jerzy.d2006 - .bPolitechnika Koszalińska - Wydział Mechaniczny,cKatedra Agroinżynierii10aAnalysis of distribution of microbiological additives in bales of moist hay formed in round baler /cJerzy Chojnacki, Sylwester Borowski, Edmund Dulcet. c2010.1 aDULCET, Edmund.bPolitechnika Koszalińska - Wydział Mechaniczny,cKatedra Agroinżynieriid2006 - .08iW :tProceedings of World Academy of Science, Engineering and Technology. - g2010, Vol. 65, s.469-470